Účelová dekompozice informačního systému z hlediska potřeb vnitropodnikového chozraščotu kandidátska dizertačná práca
Uložené v:
| Hlavný autor: | |
|---|---|
| Korporativný autor: | |
| Ďalší autori: | |
| Médium: | Kniha |
| Jazyk: | Czech |
| Vydavateľské údaje: |
Bratislava
1986
|
| Tagy: |
Žiadne tagy, Buďte prvý, kto otaguje tento záznam!
|
MARC
| LEADER | 00000nam a2200000 4500 | ||
|---|---|---|---|
| 001 | c032630 | ||
| 005 | 20221220073123.0 | ||
| 041 | 0 | |a cze | |
| 044 | |a SK | ||
| 245 | 1 | 0 | |a Účelová dekompozice informačního systému z hlediska potřeb vnitropodnikového chozraščotu |b kandidátska dizertačná práca |c František Maděra ; škol. Ondrej Peter |
| 264 | 1 | |a Bratislava |c 1986 | |
| 300 | |a 173 s. | ||
| 100 | 1 | |a Maděra, František | |
| 700 | 1 | |a Peter, Ondrej | |
| 710 | 2 | |a Vysoká škola ekonomická v Bratislave. Fakulta riadenia | |